Investigations sur le bacille B.C.G. / (Record no. 19671)

MARC details
000 -LEADER
campo de control de longitud fija 00556nam a2200181 i 4500
001 - NÚMERO DE CONTROL
campo de control 19671
003 - IDENTIFICADOR DE NÚMERO DE CONTROL
campo de control ES-MaACL
005 - FECHA Y HORA DE LA ÚLTIMA TRANSACCIÓN
campo de control 20230906152138.0
007 - CAMPO FIJO DE DESCRIPCIÓN FÍSICA--INFORMACIÓN GENERAL
campo de control de longitud fija t|
008 - DATOS DE LONGITUD FIJA--INFORMACIÓN GENERAL
campo de control de longitud fija 021007s1955 sp ||||1| fre d
100 0# - ENTRADA PRINCIPAL--NOMBRE DE PERSONA
Nombre de persona Abelló, José
9 (RLIN) 18076
245 10 - MENCIÓN DEL TÍTULO
Título Investigations sur le bacille B.C.G. /
Mención de responsabilidad, etc. par José Abelló.
260 ## - PUBLICACIÓN, DISTRIBUCIÓN, ETC.
Lugar de publicación, distribución, etc. [S.l. :
Nombre del editor, distribuidor, etc. s.n.,
Fecha de publicación, distribución, etc. 1955]
300 ## - DESCRIPCIÓN FÍSICA
Extensión 8 p., 2 lám. ;
Dimensiones 24 cm.
500 ## - NOTA GENERAL
Nota general Separata de Acta Tuberculea Scandinavica. Vol. XXXI- Fasc. 2. 1955- p. 198-212.
852 ## - LOCALIZACIÓN
Ubicación ES-MaACL
Número de control de estantería 1977-F-9
Sublocalización o colección R.37897
Holdings
Estatus retirado Estado de pérdida Estado de daño No para préstamo Colección Biblioteca de origen Biblioteca actual Ubicación en estantería Fecha de adquisición Fuente de adquisición Total de préstamos Signatura topográfica completa Código de barras Visto por última vez Precio de reemplazo Tipo de ítem Koha
        Colección de folletos Biblioteca del Ateneo de Madrid Biblioteca del Ateneo de Madrid Depósito folletos 17/01/2008     1977-F-9 1020136 23/02/2023 23/02/2023 Folleto